000 01190cab a22002175a 4500
001 L136958
008 070306e2007 xxk 000 0 eng d
035 _a(Sirsi) u136958
041 0 _aeng
110 2 _aCITB-ConstructionSkills
_94992
245 _aCPCS consults with industry
_h[electronic resource]
260 _c2007
490 0 _aCITB-ConstructionSkills Press Release
_v23 February 2007
520 _aA major review of the Construction Plant Competence Scheme (CPCS) has been launched to ensure the scheme is meeting the current needs of the industry. Key proposed changes include a new CPCS technical test for all entrants to the scheme, the health and safety test coming at the start of the qualification process, and removing age and experience criteria. The consultation period will run until May 2007 and revised plans for the scheme are likely to be unveiled between July and September 2007.
590 _aKA
650 2 4 _aCONSTRUCTION PLANT COMPETENCE SCHEME
651 4 _aUnited Kingdom
_y
690 _aBUILT ENVIRONMENT
856 4 0 _uhttps://www.citb-constructionskills.co.uk/news
_zView the item free of charge at www.citb-constructionskills.co.uk...
942 _n0
999 _c78510
_d78510